Slovenský červený kríž

Bibliographic Details
Format: Article
Language:Slovak
PhysicalDescription:2 foto
Subjects:

MARC

LEADER 00000nab a2200000 a 4500
001 vtls001008149
003 SK-MaSNL
005 20260303040604.0
008 040720e19991221xo 0 slo
035 |a RV8749 
040 |a RVGKPD  |b slo  |c RVGKPD  |e AACR2 
041 0 |a slo 
044 |a xo  |c SK 
080 |a 615.38  |2 1981 
245 0 0 |a Slovenský červený kríž 
300 |b 2 foto 
500 |a udelenie 
650 0 7 |a Janského plaketa  |2 RVGKPD  |9 1024766 
651 7 |a Slavošovce (Slovensko)  |2 RVGKPD  |9 28955 
655 7 |a periodikum  |2 snkbucl  |9 29553 
773 0 8 |t Slavošovské obecné noviny  |g Roč. 4, č.18, 21.12.1999, s. 4 
852 |a ZVYKNI  |b KIS3GCP 
999 |c 1682721  |d 1684651